| 000 | 01249cam a22002174a 4500 | ||
|---|---|---|---|
| 005 | 20250605164151.0 | ||
| 008 | 250528s ||||||||||||||||||||||||d | ||
| 035 | _a19399 | ||
| 020 | _a9602861290 | ||
| 040 |
_aGR-AtMCL _bgre _dGR-AtMCL _eAACR2 |
||
| 245 | 1 | _aΑΝΑΠΤΥΞΗ ΛΙΑΝΙΚΩΝ ΠΩΛΗΣΕΩΝ | |
| 250 | _a1 | ||
| 260 |
_bΈλλην, _c1995 |
||
| 300 | _a224 | ||
| 505 | 0 | _aΟΡΓΑΝΩΣΗ ΛΙΑΝΙΚΟΥ ΚΑΤΑΣΤΗΜΑΤΟΣ ΕΠΙΛΟΓΗ ΤΟΥ ΤΟΠΟΥ ΕΓΚΑΤΑΣΤΑΣΗΣ ΛΙΑΝΙΚΟΥ ΚΑΤΑΣΤΗΜΑΤΟΣ ΣΤΡΑΤΗΓΙΚΗ ΠΡΟΩΘΗΣΗΣ ΔΗΜΙΟΥΡΓΙΑ ΚΑΙ ΔΙΑΤΗΡΗΣΗ ΤΗΣ ΕΙΚΟΝΑΣ ΤΟΥ ΚΑΤΑΣΤΗΜΑΤΟΣ ΕΣΩΤΕΡΙΚΗ ΕΜΦΑΝΙΣΗ ΚΑΤΑΣΤΗΜΑΤΟΣ | |
| 520 | _aΟΡΓΑΝΩΣΗ ΛΙΑΝΙΚΟΥ ΚΑΤΑΣΤΗΜΑΤΟΣ ΕΠΙΛΟΓΗ ΤΟΥ ΤΟΠΟΥ ΕΓΚΑΤΑΣΤΑΣΗΣ ΛΙΑΝΙΚΟΥ ΚΑΤΑΣΤΗΜΑΤΟΣ ΣΤΡΑΤΗΓΙΚΗ ΠΡΟΩΘΗΣΗΣ ΔΗΜΙΟΥΡΓΙΑ ΚΑΙ ΔΙΑΤΗΡΗΣΗ ΤΗΣ ΕΙΚΟΝΑΣ ΤΟΥ ΚΑΤΑΣΤΗΜΑΤΟΣ ΕΣΩΤΕΡΙΚΗ ΕΜΦΑΝΙΣΗ ΚΑΤΑΣΤΗΜΑΤΟΣ | ||
| 700 | 1 |
_aΕξαδακτυλος Νικος _95648 |
|
| 942 | _cBK | ||
| 999 |
_c4655 _d4655 |
||